Cyclostome bryozoans : keys and notes for the identification of the species
Αποθηκεύτηκε σε:
| Κύριος συγγραφέας: | |
|---|---|
| Άλλοι συγγραφείς: | , , |
| Μορφή: | Βιβλίο |
| Γλώσσα: | English |
| Δημοσίευση: |
London :
E. J. Brill/Dr. W. Backhuys,
1985.
|
| Σειρά: | Synopses of the British fauna ;
34 |
| Θέματα: | |
| Ετικέτες: |
Προσθήκη ετικέτας
Δεν υπάρχουν, Καταχωρήστε ετικέτα πρώτοι!
|
MARC
| LEADER | 00000cam a2200000 i 4500 | ||
|---|---|---|---|
| 001 | 1/1018 | ||
| 008 | 950706s1985 enk| ||| |||| ||eng|| | ||
| 020 | |a 9004076972 | ||
| 035 | |l 10014287 | ||
| 040 | |a GR-MyUa |b gre |e AACR2 | ||
| 041 | 0 | |a eng | |
| 082 | 7 | |a 594.7 |2 (22) | |
| 100 | 1 | |a Hayward, P. J. |q (Peter J.) | |
| 245 | 1 | 0 | |a Cyclostome bryozoans : |b keys and notes for the identification of the species / |c P.J. Hayward and J.S. Ryland ; edited by Doris M. Kermack and R.S.K. Barnes. |
| 260 | |a London : |b E. J. Brill/Dr. W. Backhuys, |c 1985. | ||
| 300 | |a 147 σ. : |b εικ. ; |c 22 εκ. | ||
| 490 | 1 | |a (Synopses of the British fauna ; |v 34) | |
| 650 | 0 | 0 | |a Bryozoa. |
| 700 | 1 | |a Ryland, J. S. |q (John Stanley) | |
| 700 | 1 | |a Kermack, D. M. |e edtf | |
| 700 | 1 | |a Barnes, R. S. K. |q (Richard Stephen Kent) |e edt | |
| 830 | 0 | |a Synopses of the British fauna ; |v 34 | |
| 852 | |a INST |b LESVOS |e 19950706 |h 594.7 HAY |p 005100007942 |q 005100007942 |t BK |y 0 | ||